[Event "Summer Chess Classic B 2018"]
[Site "Saint Louis"]
[Date "2018.05.19"]
[Round "5"]
[White "Stukopin, Andrey"]
[Black "Ramirez, Alejandro"]
[Result "1/2-1/2"]
[WhiteElo "2579"]
[BlackElo "2572"]
[Annotator "TA"]
[PlyCount "80"]
[EventDate "2018.??.??"]
[EventType "tourn"]
[EventCountry "USA"]
[SourceTitle "playchess.com"]
[Source "ChessBase"]
[SourceQuality "1"]

{[%evp 20,80,18,0,41,10,58,51,58,58,66,58,62,48,112,42,86,104,71,73,96,40,59,0,13,-24,-33,-37,-40,-31,-35,-34,-46,-46,-42,-45,-52,-87,-93,-104,-87,-87,-87,-87,-88,-143,-83,-130,-3,-55,0,0,0,-45,-12,-32,-32,-32,-35,-32,-31,-32,-33]} 1. e4 c5 2. Nf3 e6 3. d4 cxd4 4. Nxd4 Nc6 5. Nc3 Qc7 6. Be3 a6 7. Qf3 {B48: Sizilianisch (Paulsen-Variante)} d6 (7... Nf6 8. O-O-O Ne5 9. Qg3 b5 10. a3 Bb7 11. Bxb5 Rc8 12. Ba4 Nxe4 13. Nxe4 Bxe4 14. Bf4 Qc4 15. Bxe5 Qxa4 {1-0 (38) Vachier Lagrave,M (2789)-Anand,V (2776) Karlsruhe/Baden-Baden 2018}) 8. O-O-O Bd7 9. Qg3 Rc8 10. Kb1 Nf6 11. Bd3 {LiveBook: 4 Partien} g6 $146 ({Vorgänger:} 11... Ne5 12. f4 Nxd3 13. cxd3 Be7 14. Rc1 O-O {1-0 (72) Forcen Esteban,D (2540)-Arizmendi Martinez,J (2489) Monzon 2016}) 12. h4 h5 13. Bg5 Be7 14. Nxc6 Bxc6 15. Rhe1 Kf8 16. f4 {[%cal Bf2f4,Bf4f5][%mdl 32]} Ng4 (16... d5 $14) 17. Nd5 (17. f5 $1 $16) 17... Bxd5 18. exd5 e5 19. f5 Kg7 20. Qf3 ({Günstiger ist} 20. Bc1 $16) 20... Rcf8 $14 21. Bxe7 Qxe7 22. g3 Qf6 23. Re2 gxf5 24. Bxf5 Nh6 25. Rf1 Qxf5 26. Qxf5 Nxf5 27. Rxf5 $15 {[%mdl 4096] Endspiel KTT-KTT} f6 28. a4 Kg6 29. Ref2 Rf7 30. b3 b5 31. axb5 axb5 32. c3 {[#]} Ra8 (32... b4 $142 $1 {[%mdl 512]} 33. c4 (33. cxb4 Rb8) 33... Ra8) 33. Rf1 {[#]} e4 (33... b4 $1 $17 {[%mdl 512]} 34. c4 (34. cxb4 Rb8) 34... e4) 34. Kb2 ({Besser ist} 34. R1f4 $11) 34... Kg7 35. Re1 ({Vergiftet wäre} 35. Rxh5 $2 Rfa7 $19) 35... Kg6 36. Ref1 $1 e3 {[%cal Be4e3,Be3e2][%mdl 32]} 37. R5f3 e2 {Schwarz steht etwas besser.} 38. Re1 Re7 39. Rf2 Rae8 40. Kc2 Re5 {Precision: Weiß = 43%, Schwarz = 50%.} 1/2-1/2

[Event "Summer Chess Classic B 2018"]
[Site "Saint Louis"]
[Date "2018.05.19"]
[Round "5"]
[White "Belous, Vladimir"]
[Black "Dragun, Kamil"]
[Result "1/2-1/2"]
[WhiteElo "2568"]
[BlackElo "2595"]
[Annotator "TA"]
[PlyCount "72"]
[EventDate "2018.??.??"]
[EventType "tourn"]
[EventCountry "USA"]
[SourceTitle "playchess.com"]
[Source "ChessBase"]
[SourceQuality "1"]

{[%evp 22,72,17,17,17,10,31,0,4,0,9,0,0,0,0,-19,-4,-13,0,-37,-9,-11,-12,-14,-10,-23,-2,-1,0,-17,-25,-94,-100,-98,-62,-142,-137,-134,-118,-332,-306,-293,-271,-287,-268,-223,-38,-64,0,0,0,0,0]} 1. e4 e5 2. Nf3 Nc6 3. Nc3 Nf6 4. Bb5 Bb4 5. d3 Bxc3+ 6. bxc3 d6 7. O-O O-O 8. Bxc6 bxc6 9. Bg5 h6 10. Bh4 Bg4 11. h3 {C49: Vierspringerspiel (Symmetrische Variante)} Bxf3 12. Qxf3 {LiveBook: 3 Partien} g5 13. Bg3 Qe7 (13... Ne8 14. d4 Qe7 15. Qd3 Nf6 16. dxe5 dxe5 17. Qc4 Rfe8 18. Rab1 Qe6 19. Qxe6 Rxe6 {1-0 (57) Le Roux,J (2554)-Sowray,P (2362) England 2018}) 14. Rab1 Rab8 $146 ({Vorgänger:} 14... Ne8 15. Rb7 Ng7 16. Qe2 Ne6 17. f3 Nc5 18. Rb2 Na4 19. Rb3 Nc5 {1-0 (42) Clarke,P-Green,A Chester/ Cheshire 1952}) 15. h4 Rb6 16. hxg5 hxg5 17. Qf5 Nh5 18. d4 Ng7 19. Qg4 f6 20. Rb3 Qe6 21. Qe2 Kf7 22. Ra3 Ra8 23. c4 {[%cal Bc3c4,Bc4c5][%mdl 32]} Kg6 24. c5 Rb4 25. c3 Qc4 26. Qg4 (26. Qxc4 $11 {hält das Gleichgewicht.} Rxc4 27. cxd6 cxd6 28. Rd1) 26... Rb2 $17 27. cxd6 cxd6 28. Qd7 ({Besser ist} 28. Rd1 $1 $15) 28... Rh8 29. Rc1 a6 30. Qxd6 $2 (30. Rb3 $17 Rxb3 31. axb3) 30... Rd2 31. Bxe5 {[#]} Ne6 $1 32. Qe7 fxe5 33. dxe5 {[#] Tb3 ist eine echte Drohung.} Rf8 $2 ({Lieber} 33... Nf4 $1 $19 {[%cal Rf4e2] ( -> ...Se2+)} 34. Qf6+ Kh7) 34. Ra4 $1 $15 {[%cal Ra4c4]} Rfxf2 (34... Qc5 $1 $15 35. Qxc5 (35. Qxe6+ $2 Kg7 $19) 35... Nxc5) 35. Rxc4 Rxg2+ 36. Kh1 Rh2+ {Precision: Weiß = 38%, Schwarz = 42%.} 1/2-1/2

[Event "Summer Chess Classic B 2018"]
[Site "Saint Louis"]
[Date "2018.05.19"]
[Round "5"]
[White "Friedel, Joshua"]
[Black "Saduakassova, Dinara"]
[Result "1-0"]
[WhiteElo "2562"]
[BlackElo "2481"]
[Annotator "TA"]
[PlyCount "77"]
[EventDate "2018.??.??"]
[EventType "tourn"]
[EventCountry "USA"]
[SourceTitle "playchess.com"]
[Source "ChessBase"]
[SourceQuality "1"]

{[%evp 16,77,20,27,65,50,47,60,54,39,50,55,60,69,134,141,163,164,182,134,146,139,221,214,224,208,210,208,392,351,362,379,397,348,326,316,314,308,321,310,314,320,323,298,337,327,725,698,640,633,1936,1980,1514,1483,10108,8488,8354,7262,6589,6424,5170,3879,29947,9705]} 1. d4 Nf6 2. c4 e6 3. Nc3 Bb4 4. g3 O-O 5. Bg2 d5 6. Nf3 {[%cal Bg1f3,Bf3d2,Bd2c4][%mdl 32]} dxc4 7. a3 {[%cal Ba2a3,Ba3a4,Ba4b5][%mdl 32] E20: Nimzo-Indian: 4 g3 and 4 f3} (7. O-O Nc6 8. Qa4 Bd7 9. Bg5 Rb8 10. Rad1 Bxc3 11. bxc3 h6 12. Bxf6 Qxf6 13. Qxc4 Rfc8 14. Nd2 Na5 15. Qb4 b6 {½-½ (67) Matlakov,M (2735)-Tomashevsky,E (2713) St Petersburg 2017}) 7... Bxc3+ 8. bxc3 Nbd7 9. a4 {LiveBook: 4 Games. The position is equal.} c6 10. O-O b6 $146 ({Predecessor:} 10... Qa5 11. Ba3 Re8 12. Bb4 Qc7 13. a5 c5 14. dxc5 Nxc5 15. Nd2 Na6 16. Qc2 Bd7 17. Rfd1 Rac8 {1-0 (32) MacElligott,G (2080)-Thee,B (1994) Bunratty 2015}) 11. Nd2 Ba6 12. Bxc6 Rc8 13. Bb5 Bxb5 14. axb5 Qc7 ({Black should play} 14... e5 $14) 15. Ra4 Qb7 16. Nxc4 {Strongly threatening Nd6.} Ne4 17. Qd3 Rfd8 {[#] And now ...Ndc5! would win.} 18. Ra3 e5 (18... Ndc5 $16 {was called for.} 19. Qc2 Nd7) 19. f3 $18 Qc7 20. fxe4 ({But not} 20. Qxe4 $6 Qxc4 21. Rxa7 Nf6) 20... Qxc4 21. Rxa7 f6 $2 {[#]} (21... Qxd3 {is a better defense.} 22. exd3 Rxc3) 22. Qxc4+ Rxc4 23. Ba3 Kf7 24. Rd1 Ke8 25. dxe5 Rxe4 26. exf6 Nxf6 27. Rxd8+ Kxd8 28. Rxg7 Rxe2 {[%mdl 4096] Endgame KRB-KRN} 29. Kf1 Re6 30. c4 h5 $2 (30... Ke8 31. Bc1 h5) 31. Rg6 Kd7 32. Bb2 Ng4 33. Rxe6 Kxe6 {KB-KN} 34. Bd4 Nxh2+ 35. Ke2 Ng4 36. Kd3 Kd6 37. Bxb6 Ne5+ 38. Kc3 Nd7 39. Bd4 {Precision: White = 88%, Black = 38%.} 1-0

[Event "Summer Chess Classic B 2018"]
[Site "Saint Louis"]
[Date "2018.05.19"]
[Round "5"]
[White "Aghasaryan, Robert"]
[Black "Abrahamyan, Tatev"]
[Result "1/2-1/2"]
[WhiteElo "2532"]
[BlackElo "2366"]
[Annotator "TA"]
[PlyCount "61"]
[EventDate "2018.??.??"]
[EventType "tourn"]
[EventCountry "USA"]
[SourceTitle "playchess.com"]
[Source "ChessBase"]
[SourceQuality "1"]

{[%evp 16,61,-64,-77,-55,-70,-27,-53,-32,-40,-24,-25,-25,-28,-28,-38,-41,-72,-64,-87,-80,-69,-85,-93,-63,-57,-33,-60,-40,-39,-39,-43,-25,-22,0,-7,0,-7,0,0,0,0,0,0,0,0,0,0]} 1. g3 c5 2. Bg2 Nc6 3. b3 (3. c4 g6 4. Nc3 Bg7 5. Nf3 d6 6. O-O Bf5 7. b3 Qd7 8. Bb2 e5 9. d3 Nge7 10. e3 h6 11. Qe2 O-O 12. a3 Be6 13. Rac1 f5 14. Nd2 Rab8 {0-1 (36) Howell,D (2676)-Iturrizaga Bonelli,E (2665) London 2017}) 3... d5 {[%cal Bd7d5,Bd5d4][%mdl 32]} 4. Nf3 e5 5. O-O Nf6 6. d3 {A00: Irregular Openings} Be7 7. c4 O-O 8. Nc3 $146 ({Predecessor:} 8. Nbd2 Re8 9. Rb1 Bf8 10. Bb2 d4 11. a3 a5 12. Ne1 Bf5 {½-½ (62) Stajner,S (2289)-Grosar,A (2408) Slovenia 2011}) 8... d4 9. Na4 {LiveBook: 3 Games} Bf5 10. Bg5 Nd7 11. Bxe7 Qxe7 12. e3 Qd6 13. exd4 exd4 14. Nh4 Be6 15. f4 {[#] And now f5 would win.} Nf6 $1 16. h3 Rae8 17. g4 {Black should prevent g5.} h6 18. Qd2 Bd7 19. Rae1 b6 20. Nb2 {[%cal Ba4b2,Bb2d1,Bd1f2][%mdl 32]} Ne7 21. Nd1 Ng6 22. Nxg6 fxg6 23. Nf2 Rxe1 24. Rxe1 Bc6 {The position is equal.} 25. Bxc6 Qxc6 26. Ne4 $1 Re8 {[%cal Rf6e4]} 27. Nxf6+ gxf6 28. Rxe8+ Qxe8 29. Kf2 Kf7 30. Qe2 Qxe2+ 31. Kxe2 {Precision: White = 87%, Black = 41%.} 1/2-1/2

[Event "Summer Chess Classic B 2018"]
[Site "Saint Louis"]
[Date "2018.05.19"]
[Round "5"]
[White "Ali Marandi, Cemil Can"]
[Black "Matsenko, Sergei"]
[Result "1/2-1/2"]
[WhiteElo "2530"]
[BlackElo "2560"]
[Annotator "TA"]
[PlyCount "66"]
[EventDate "2018.??.??"]
[EventType "tourn"]
[EventCountry "USA"]
[SourceTitle "playchess.com"]
[Source "ChessBase"]
[SourceQuality "1"]

{[%evp 31,66,-6,0,-6,-4,-14,0,0,0,0,0,0,0,0,0,0,0,0,0,0,0,0,6,-20,0,0,0,0,0,0,0,0,0,0,0,0,0]} 1. e4 e6 2. d4 d5 3. Nd2 c5 4. exd5 Qxd5 5. Ngf3 cxd4 6. Bc4 Qd6 7. O-O Nf6 8. Nb3 Nc6 9. Nbxd4 Nxd4 10. Qxd4 Qxd4 11. Nxd4 Bd7 12. Be2 Bc5 13. Nb3 {C07: Französische Verteidigung (Tarrasch-Variante)} (13. Rd1 Rc8 14. c4 O-O 15. Be3 e5 16. Nc2 Bf5 17. Bxc5 Rxc5 18. Ne3 Be6 19. b4 Rc7 20. c5 Ne4 21. Rac1 Rfc8 22. Bf3 Nf6 23. Bd5 Nxd5 24. Nxd5 Bxd5 25. Rxd5 f6 26. Rcd1 {½-½ (26) Anand,V (2786)-So,W (2812) Stavanger 2017}) 13... Bb6 14. Bf3 Rc8 15. c3 Bc6 16. Bxc6+ Rxc6 {LiveBook: 9 Partien. Die Stellung ist ausgeglichen.} 17. a4 a5 18. Bf4 {[#]} Nd5 $146 19. Be5 f6 20. Bd4 Bc7 21. Rfd1 Kf7 22. f3 Ra8 23. Bf2 Bb6 24. Rd2 Bxf2+ 25. Kxf2 Nb6 26. f4 Ke7 27. Rd3 Rd6 28. Rxd6 Kxd6 $11 {KTS-KTS} 29. Rd1+ Ke7 30. Nc5 Rc8 31. Nxb7 Nxa4 32. Rd2 Rb8 33. Nxa5 Rxb2 {Precision: Weiß = 86%, Schwarz = 78%.} 1/2-1/2

[Event "Summer Chess Classic B 2018"]
[Site "Saint Louis"]
[Date "2018.05.20"]
[Round "6"]
[White "Dragun, Kamil"]
[Black "Ali Marandi, Cemil Can"]
[Result "1-0"]
[WhiteElo "2591"]
[BlackElo "2521"]
[Annotator "TA"]
[PlyCount "95"]
[EventDate "2018.??.??"]
[EventType "tourn"]
[EventCountry "USA"]
[SourceTitle "playchess.com"]
[Source "ChessBase"]
[SourceQuality "1"]

{[%evp 19,95,-4,17,0,0,7,4,0,0,0,1,8,52,0,41,34,39,43,38,30,125,110,118,114,126,101,134,130,162,175,175,176,171,129,139,145,146,145,268,137,183,183,189,156,198,207,241,179,225,220,242,224,260,239,252,226,231,225,260,205,271,281,312,304,395,400,378,0,346,344,464,429,407,422,523,518,1211,761]} 1. c4 e5 2. Nc3 Nf6 3. g3 d5 4. cxd5 Nxd5 5. Bg2 Nb6 6. d3 Be7 7. Be3 O-O 8. Rc1 Nc6 {A22: Englische Eröffnung} 9. Bxc6 bxc6 10. Nf3 Nd5 {LiveBook: 4 Partien. Die Stellung ist ausgeglichen.} 11. Nxd5 Qxd5 12. O-O $146 ({Vorgänger:} 12. Qa4 Bh3 13. Rg1 Rfb8 14. b3 Bd7 15. Qa6 Rb5 16. Bd2 {0-1 (39) Wen,Y (2515)-Almasi,Z (2691) Khanty-Mansiysk 2007}) 12... Bh3 13. Re1 Qxa2 14. Nxe5 Qd5 {[%csl Gh3][%cal Rd5g2] [#]} 15. Nf3 Bg4 16. Nd2 (16. Rc4 $14 h5 17. Nd4) 16... Rfe8 17. Qa4 Qh5 18. f3 (18. Rxc6 Bd7 $17) 18... Bd7 19. Ne4 f5 (19... a5 $11) 20. Nc5 $16 Bxc5 21. Bxc5 Re6 22. Qd4 Rh6 23. Qf2 (23. Qxd7 $2 Qxh2+ 24. Kf1 Qxg3 $19) 23... f4 24. gxf4 Qf5 25. Be3 Rb8 26. Rc5 Rg6+ 27. Kh1 Qf7 28. Bc1 h6 (28... Bh3 $16) 29. Rg1 (29. e4 $18) 29... Re8 30. Rxg6 Qxg6 31. e4 Qf7 32. f5 {[%cal Bf4f5,Bf5f6][%mdl 32]} Rb8 33. Qd4 Kh7 34. Bd2 Rg8 35. Rc1 g6 36. Qe3 {[%csl Gd2][%cal Re3h6]} ({Jedoch nicht} 36. Qxa7 $6 gxf5 37. Qe3 Qg7 $16) 36... Qf8 37. f6 ({Bloß nicht} 37. Qxa7 $6 gxf5 38. Qd4 (38. Qxc7 Qg7 $16) 38... Qd6 $16) 37... g5 38. Bc3 ({Nicht} 38. Qxa7 Qxf6 39. Qe3 Qxb2 $14) 38... Qf7 39. Rg1 Qh5 40. Rg3 a6 41. Qa7 Rc8 42. Qc5 {Weiss will mit De7+ Matt setzen.} Re8 43. Qa7 $40 {[%mdl 128] Weiss hat einigen Angriff.} Rc8 44. Qd4 Qf7 {[#]} 45. f4 $1 {[%mdl 512]} Rg8 (45... gxf4 46. Rg7+) 46. f5 Re8 47. Qf2 Qb3 (47... Qh5 $142 48. Qf1 g4) 48. Qf3 {Precision: Weiß = 71%, Schwarz = 19%.} 1-0

[Event "Summer Chess Classic B 2018"]
[Site "Saint Louis"]
[Date "2018.05.20"]
[Round "6"]
[White "Matsenko, Sergei"]
[Black "Stukopin, Andrey"]
[Result "1/2-1/2"]
[WhiteElo "2563"]
[BlackElo "2580"]
[Annotator "TA"]
[PlyCount "60"]
[EventDate "2018.??.??"]
[EventType "tourn"]
[EventCountry "USA"]
[SourceTitle "playchess.com"]
[Source "ChessBase"]
[SourceQuality "1"]

{[%evp 21,60,21,30,24,36,38,45,32,22,23,35,33,40,18,22,0,4,14,7,8,12,2,59,76,72,0,0,0,0,0,0,0,0,0,0,0,0,0,0,0,0]} 1. d4 Nf6 2. c4 e6 3. Nc3 Bb4 4. e3 O-O 5. Bd3 c5 6. Nge2 d5 7. cxd5 cxd4 8. exd4 Nxd5 9. O-O Nc6 10. Nxd5 Qxd5 11. a3 Be7 {LiveBook: 16 Games} 12. Qc2 {E48: Nimzo-Indian: Rubinstein: 5 Bd3 d5 including 6 Ne2, but excluding 6 a3} h6 (12... g6 13. Rd1 Bf6 14. Be4 Qd8 15. Bh6 Re8 16. d5 exd5 17. Bxd5 Qe7 18. Ng3 Be6 19. Ne4 Nd4 {0-1 (56) Tregubov,P (2585)-Inarkiev,E (2709) Doha 2016}) 13. Rd1 Rd8 14. Be3 {White is slightly better.} Qd7 15. Bh7+ Kh8 $1 16. Be4 Qe8 $146 ({Predecessor:} 16... Nb8 17. Rac1 Na6 18. Ng3 Rb8 19. d5 e5 20. Bxa7 {1-0 (34) Janiashvili,M (1679)-Milovanova,M (1965) Batumi 2014}) 17. Nf4 Bg5 18. d5 exd5 19. Nxd5 Bg4 20. Re1 {[#] Black must now prevent Nc7.} Bxe3 21. Rxe3 {Nc7 is the strong threat.} Nd4 (21... Qe5 $11) 22. Qc4 $1 $14 {[%cal Rc4d4]} Qe5 {Hoping for ...Be6.} 23. f4 (23. Bd3 $16 b5 24. Rxe5 bxc4 25. Bxc4) 23... Ne2+ $1 $11 {The position is equal.} 24. Qxe2 $1 Qxe4 $1 25. Rxe4 Bxe2 26. Rxe2 {[#] Threatens to win with Rd2.} Rxd5 {KRR-KRR} 27. Rc1 Rd7 28. Kf2 Kg8 29. h4 Kf8 30. Rc3 Rad8 {Precision: White = 66%, Black = 80%.} 1/2-1/2

[Event "Summer Chess Classic B 2018"]
[Site "Saint Louis"]
[Date "2018.05.20"]
[Round "6"]
[White "Friedel, Joshua"]
[Black "Aghasaryan, Robert"]
[Result "0-1"]
[WhiteElo "2562"]
[BlackElo "2532"]
[Annotator "TA"]
[PlyCount "94"]
[EventDate "2018.??.??"]
[EventType "tourn"]
[EventCountry "USA"]
[SourceTitle "playchess.com"]
[Source "ChessBase"]
[SourceQuality "1"]

{[%evp 16,94,0,-2,16,15,38,16,16,16,47,41,51,54,47,54,43,48,39,50,43,45,38,4,4,1,9,-39,-47,-53,-47,-45,-14,-8,-10,0,0,-67,-59,-59,-58,-69,-61,-79,-79,-222,-237,-242,-237,-228,-231,-225,-245,-272,-252,-289,-288,-287,-285,-272,-276,-278,-189,-272,-297,-335,-316,-309,-296,-349,-308,-383,-373,-382,-366,-455,-462,-478,-474,-480,-452]} 1. d4 d5 2. c4 e6 3. Nc3 Be7 4. cxd5 exd5 5. Bf4 c6 6. e3 Bf5 7. g4 Be6 8. h3 Nd7 {D31: Queen's Gambit Declined: Semi-Slav without ...Nf6 (+ Marshall Gambit and Noteboom) and Exchange Variation lines without ...Nf6} 9. Qb3 {LiveBook: 3 Games} Nb6 $146 ({Predecessor:} 9... b5 10. Nf3 h6 11. Bd3 Ngf6 12. Qc2 Rc8 13. O-O b4 14. Ne2 c5 15. dxc5 Nxc5 16. Ned4 {1-0 (36) Svidler,P (2732)-Mamedyarov,S (2764) Baku 2014}) 10. Nf3 Bd6 {The position is equal.} 11. Bd3 Bxf4 12. exf4 {With the idea f5.} h5 13. O-O-O $1 hxg4 14. hxg4 Rxh1 15. Rxh1 {Strongly threatening f5.} Qd6 16. Ne5 f6 17. Ng6 O-O-O 18. f5 Bf7 19. Qa3 Qxa3 20. bxa3 {Black must now prevent Rh7.} Nh6 21. g5 fxg5 22. Ne5 Rf8 23. Rg1 g4 (23... Bg8 {keeps more tension.} 24. Rxg5 Bh7 25. Rxg7 Bxf5 26. Be2 Kb8) 24. Nxg4 Nxg4 25. Rxg4 Rg8 26. Ne2 ({White should try} 26. a4 $11) 26... Kd8 $15 27. Nf4 Ke7 28. Rg3 Nc8 29. Ng6+ Bxg6 $1 30. fxg6 $17 {[%mdl 4096] Endgame KRB-KRN} (30. Rxg6 $17 Kf7 31. Kd2) 30... Rf8 $1 $19 31. Re3+ Kd8 32. Rh3 {[#]} Nd6 $1 ({Don't take} 32... Rxf2 33. Rh7 $17) 33. Rh7 {[#]} Ne8 $1 (33... Rxf2 34. Rxg7 Rxa2 35. a4 $17) 34. Kb2 Rxf2+ 35. Bc2 Ke7 36. a4 a5 37. Kc3 Rf3+ 38. Bd3 Rf8 39. Rh3 (39. Rh1 {keeps fighting.}) 39... Nc7 40. Rh2 Ne6 41. Rb2 Nd8 42. Rh2 Kd6 43. Be2 Rf6 44. Rh8 Ne6 45. Bg4 Rxg6 {Black is clearly winning.} 46. Bxe6 Rxe6 ({Weaker is} 46... Kxe6 47. Rb8 $19) 47. Rd8+ Kc7 {Precision: White = 40%, Black = 86%.} 0-1

[Event "Summer Chess Classic B 2018"]
[Site "Saint Louis"]
[Date "2018.05.20"]
[Round "6"]
[White "Saduakassova, Dinara"]
[Black "Ramirez, Alejandro"]
[Result "1-0"]
[WhiteElo "2484"]
[BlackElo "2572"]
[Annotator "TA"]
[PlyCount "51"]
[EventDate "2018.??.??"]
[EventType "tourn"]
[EventCountry "USA"]
[SourceTitle "playchess.com"]
[Source "ChessBase"]
[SourceQuality "1"]

{[%evp 9,51,16,48,8,-5,-14,11,8,21,0,0,10,2,-41,44,44,52,37,113,121,231,237,314,268,283,276,412,418,550,481,553,543,666,512,758,774,725,690,819,756,764,785,777,775]} 1. d4 e6 2. c4 b6 3. e4 Bb4+ 4. Nc3 Bb7 5. f3 Ne7 {LiveBook: 37 Games} 6. a3 {A40: Unusual replies to 1 d4} (6. Bd3 f5 7. Nge2 fxe4 8. fxe4 O-O 9. Be3 e5 10. d5 Na6 11. Qd2 Nc5 12. Bc2 Nc8 13. a3 Bxc3 14. Qxc3 {½-½ (41) Onischuk,A (2660)-Nakamura,H (2775) Saint Louis 2012}) 6... Bxc3+ $1 7. bxc3 d6 8. Bd3 {The position is equal.} Nbc6 $146 ({Predecessor:} 8... Nd7 9. f4 f5 10. Qe2 Nf6 11. exf5 exf5 12. Bxf5 Bxg2 13. Be6 Bxh1 {0-1 (28) Meessen,R-Horvath,T (2395) Budapest 1996}) 9. Nh3 Qd7 10. O-O Na5 11. d5 c5 (11... Ba6 $15) 12. f4 $14 O-O-O 13. Ng5 Ng6 (13... Ng8 $1 $14) 14. f5 $36 {[%mdl 2048] Keeping Black busy.} exf5 {[#]} (14... Ne5 $16) 15. e5 $1 $18 ({Worse is} 15. exf5 Ne5 $15) (15. Rxf5 Rdf8 $11) 15... Kb8 16. Bxf5 Qe8 {[#]} 17. Bxg6 $1 hxg6 (17... fxg6 $142 18. Nf7 Nxc4) 18. Nxf7 dxe5 19. Nxh8 {White is clearly winning.} Qxh8 20. Bg5 Nxc4 21. Qd3 b5 22. Bxd8 Qxd8 23. Rad1 Nb2 24. Qxb5 Nxd1 25. Rxd1 Qd6 26. c4 {Precision: White = 66%, Black = 24%.} 1-0

[Event "Summer Chess Classic B 2018"]
[Site "Saint Louis"]
[Date "2018.05.20"]
[Round "6"]
[White "Abrahamyan, Tatev"]
[Black "Belous, Vladimir"]
[Result "1-0"]
[WhiteElo "2354"]
[BlackElo "2585"]
[Annotator "TA"]
[PlyCount "83"]
[EventDate "2018.??.??"]
[EventType "tourn"]
[EventCountry "USA"]
[SourceTitle "playchess.com"]
[Source "ChessBase"]
[SourceQuality "1"]

{[%evp 15,83,33,37,20,55,57,66,50,69,71,64,69,68,40,48,47,80,64,114,111,120,124,197,204,249,218,436,418,432,393,412,402,438,433,400,412,719,722,751,696,696,762,739,745,725,747,920,910,966,935,1362,1002,990,810,3329,658,646,644,704,696,649,640,678,679,888,882,29988,29989,29991,29990]} 1. e4 c5 2. Nf3 Nc6 3. d4 cxd4 4. Nxd4 e5 5. Nb5 d6 6. c4 g6 {B32: Sicilian: Löwenthal and Kalashnikov Variations} (6... Be7 7. N1c3 a6 8. Na3 Be6 9. Be2 Rc8 10. O-O Nf6 11. Be3 O-O 12. Qd2 Nd7 13. Rac1 Nc5 14. f3 Nd4 15. Bxd4 exd4 16. Qxd4 Qb6 17. Rc2 Bf6 18. Qe3 Qb4 19. Qd2 Na4 20. Nd5 {½-½ (37) Anand,V (2779)-Caruana,F (2823) Saint Louis 2016}) 7. N1c3 a6 8. Na3 Be6 {LiveBook: 5 Games. White is slightly better.} 9. Be3 Bh6 10. Bxh6 Nxh6 11. Qd2 Ng4 12. f3 $146 ({Predecessor:} 12. Rd1 Qb6 13. Nd5 Bxd5 14. cxd5 {½-½ (49) Zierk,S (2391)-Belous,V (2498) Porto Carras 2010}) 12... Nf6 13. O-O-O Qa5 14. Qg5 $36 {[%mdl 2048] White fights for an advantage.} Nd7 15. Nc2 O-O 16. Rxd6 Qc5 17. Rd1 Rfc8 18. h4 {[%cal Bh2h4,Bh4h5][%mdl 32]} b5 {[#]} (18... Kg7 $16 19. h5 h6) 19. h5 $1 $18 {And now Rxd7! would win.} (19. cxb5 axb5 20. Rxd7 (20. Bxb5 $2 Nb4 $19) 20... Bxd7 $19) 19... f6 20. Qh6 Nf8 $2 (20... Qf8 {might work better.} 21. hxg6 Qxh6+ 22. Rxh6 hxg6 23. cxb5 axb5 24. Bxb5 Nf8) 21. hxg6 hxg6 22. Nd5 ({Weaker is} 22. cxb5 Nb4 $14) 22... Kf7 23. Qh8 Bxd5 24. Rxd5 Qe7 25. Kb1 Qc7 (25... Qe6 $142 26. g3 Ne7) 26. Bd3 Ne7 27. Ne3 {[%cal Bc2e3,Be3g4,Bg4f6][%mdl 32]} Qb6 {[#]} 28. c5 $1 {[%mdl 512]} Rxc5 29. Rxc5 Qxc5 30. Ng4 Qd6 31. Bc2 {Hoping for Bb3+.} Nc6 32. Bb3+ Ke8 33. Nxf6+ Kd8 34. Bd5 Rc8 35. Bxc6 (35. Rh7 $142 Rb8 36. Rf7) 35... Rxc6 36. Nh7 Kc7 37. Nxf8 Kb6 38. Qh6 Qd3+ 39. Ka1 Rc2 40. Nxg6 Ka5 41. Nxe5 Qe2 42. Nc6+ {Precision: White = 90%, Black = 33%.} 1-0